Normal view MARC view
  • Henry, J. Glynn,

Entry Personal Name

Number of records used in: 3

001 - CONTROL NUMBER

  • control field: 5271

003 - CONTROL NUMBER IDENTIFIER

  • control field: NUST

005 - DATE AND TIME OF LATEST TRANSACTION

  • control field: 20171005123632.0

008 - FIXED-LENGTH DATA ELEMENTS

  • fixed length control field: 171005|| aca||aabn | a|a d

040 ## - CATALOGING SOURCE

  • Original cataloging agency: NUST
  • Transcribing agency: NUST

100 ## - HEADING--PERSONAL NAME

  • Personal name: Henry, J. Glynn,
  • Dates associated with a name: 1926-

670 ## - SOURCE DATA FOUND

  • Source citation: Work cat.: (NUST)0: Henry, J. Glynn, 1926-, Environmental science and engineering /, c1989.
© 2023 Central Library, National University of Sciences and Technology. All Rights Reserved.